|
|
|
|
| LEADER |
01509nam a22003734a 4500 |
| 001 |
19365 |
| 003 |
BD-DhAAL |
| 005 |
20150208124344.0 |
| 008 |
140609s2005 ncu b 001 0 eng |
| 010 |
|
|
|a 2004016548
|
| 020 |
|
|
|a 0807829234 (cloth : alk. paper)
|
| 020 |
|
|
|a 080785588X (pbk. : alk. paper)
|
| 020 |
|
|
|a 8178241331
|
| 040 |
|
|
|a DLC
|c DLC
|d DLC
|d BD-DhAAL
|
| 042 |
|
|
|a pcc
|
| 050 |
0 |
0 |
|a BP161.3
|b .M85 2005
|
| 082 |
0 |
0 |
|a 306.6/97
|2 22
|
| 245 |
0 |
0 |
|a Muslim networks :
|c edited by Miriam Cooke & Bruce B. Lawrence.
|b from medieval scholars to modern feminists
|
| 260 |
|
|
|a Chapel Hill :
|b University of North Carolina Press,
|c 2005.
|
| 300 |
|
|
|a xiii, 325 p. ;
|c 24 cm.
|
| 490 |
1 |
|
|a Islamic civilization and Muslim networks
|
| 500 |
|
|
|a Published in USA as Muslim networks from Hajj to hip hop
|
| 504 |
|
|
|a Includes bibliographical references (p. 283-301) and index.
|
| 541 |
|
|
|e 19365
|
| 650 |
|
0 |
|a Islam
|y 21st century.
|9 4774
|
| 650 |
|
0 |
|a Ummah (Islam)
|9 4775
|
| 650 |
|
0 |
|a Panislamism.
|9 4776
|
| 650 |
|
0 |
|a Islam
|x Computer network resources.
|9 4777
|
| 700 |
1 |
|
|a Cooke, Miriam.
|9 4778
|
| 700 |
1 |
|
|a Lawrence, Bruce B.
|9 4779
|
| 830 |
|
0 |
|a Islamic civilization & Muslim networks.
|9 4780
|
| 942 |
|
|
|2 ddc
|c BK
|
| 999 |
|
|
|c 14400
|d 14400
|
| 952 |
|
|
|0 0
|1 0
|2 ddc
|4 1
|6 306_697000000000000_MUS
|7 0
|9 24399
|a ENH
|b ENH
|c GEN
|d 2014-06-09
|l 0
|o 306.697 MUS
|p 3010019365
|r 2014-06-09
|t 1
|w 2014-06-09
|y BK
|x Departmental-issued damaged books were found in the ENH department for the reason of termites eaten in 2016
|